| 000 | 00483pam a2200181 a 4500 | ||
|---|---|---|---|
| 020 | _a0070210101 (pbk.) : | ||
| 040 | _cDLC | ||
| 082 | 0 | 0 | _a339 HIL 1988 A074 Or. |
| 100 | 1 | _aFischer, Stanley. | |
| 245 | 1 | 0 | _aIntroduction to macroeconomics / |
| 250 | _a2nd ed. | ||
| 260 |
_aNew York : _bMcGraw-Hill, _cc1988. |
||
| 300 |
_axxvii, 460 p. : _bcol. ill. ; _c24 cm. |
||
| 650 | 0 | _aMacroeconomics. | |
| 700 | 1 | _aDornbusch, Rudiger. | |
| 700 | 1 | _aSchmalensee, Richard. | |
| 942 | _cEK | ||
| 999 |
_c15111 _d15111 |
||